ARRUPE JESUIT UNIVERSITY

CORONAVIRUS -STOP THE SPREAD - CLEAN,DISINFECT,COVER

Fools, martyrs, traitors : (Record no. 117893)

MARC details
000 -LEADER
fixed length control field 01198cam a2200301 a 4500
001 - CONTROL NUMBER
control field 4945703
003 - CONTROL NUMBER IDENTIFIER
control field ARRUPE
005 - DATE AND TIME OF LATEST TRANSACTION
control field 20130918144952.0
008 - FIXED-LENGTH DATA ELEMENTS--GENERAL INFORMATION
fixed length control field 960823s1997 nyua b 001 0ceng
010 ## - LIBRARY OF CONGRESS CONTROL NUMBER
LC control number 96038582
020 ## - INTERNATIONAL STANDARD BOOK NUMBER
International Standard Book Number 0679451242
040 ## - CATALOGING SOURCE
Original cataloging agency DLC
Transcribing agency DLC
Modifying agency DLC
050 00 - LIBRARY OF CONGRESS CALL NUMBER
Classification number BL626.5
Item number .S65 1997
082 00 - DEWEY DECIMAL CLASSIFICATION NUMBER
Classification number 179/.7
Edition number 20
300 ## - PHYSICAL DESCRIPTION
Other physical details ill. ;
Dimensions 24 cm.
100 1# - MAIN ENTRY--PERSONAL NAME
Personal name Smith, Lacey Baldwin,
Dates associated with a name 1922-
9 (RLIN) 613
245 10 - TITLE STATEMENT
Title Fools, martyrs, traitors :
Remainder of title the story of martyrdom in the Western world /
Statement of responsibility, etc Lacey Baldwin Smith.
260 ## - PUBLICATION, DISTRIBUTION, ETC. (IMPRINT)
Place of publication, distribution, etc New York :
Name of publisher, distributor, etc Alfred A. Knopf,
Date of publication, distribution, etc 1997.
300 ## - PHYSICAL DESCRIPTION
Extent ix, 433 p. :
504 ## - BIBLIOGRAPHY, ETC. NOTE
Bibliography, etc Includes bibliographical references (p. 375-416) and index.
650 #0 - SUBJECT ADDED ENTRY--TOPICAL TERM
Topical term or geographic name as entry element Martyrdom
General subdivision History.
9 (RLIN) 614
650 #0 - SUBJECT ADDED ENTRY--TOPICAL TERM
Topical term or geographic name as entry element Martyrs
General subdivision Biography.
9 (RLIN) 615
650 #0 - SUBJECT ADDED ENTRY--TOPICAL TERM
Topical term or geographic name as entry element Traitors
General subdivision Biography.
9 (RLIN) 616
856 42 - ELECTRONIC LOCATION AND ACCESS
Materials specified Contributor biographical information
Uniform Resource Identifier <a href="http://www.loc.gov/catdir/bios/random057/96038582.html">http://www.loc.gov/catdir/bios/random057/96038582.html</a>
856 42 - ELECTRONIC LOCATION AND ACCESS
Materials specified Publisher description
Uniform Resource Identifier <a href="http://www.loc.gov/catdir/description/random0410/96038582.html">http://www.loc.gov/catdir/description/random0410/96038582.html</a>
906 ## - LOCAL DATA ELEMENT F, LDF (RLIN)
a 7
b cbc
c orignew
d 1
e ocip
f 19
g y-gencatlg
942 ## - ADDED ENTRY ELEMENTS (KOHA)
Source of classification or shelving scheme Library of Congress Classification
Koha item type Monograph ( Printed materials)
Holdings
Withdrawn status Lost status Source of classification or shelving scheme Damaged status Not for loan Home library Current library Date acquired Total Checkouts Full call number Barcode Date last seen Price effective from Koha item type
    Library of Congress Classification     ARRUPE LIBRARY ARRUPE LIBRARY 18/09/2013   BL626.5 .S65 1997 46411848 01/08/2016 18/09/2013 Monograph ( Printed materials)

 

Arrupe Library. PO Box MP320 Mt Pleasant, Harare, Zimbabwe
263 242 745411|librarian@aju.ac.zw